000 00659nam a2200229 a 4500
001 000044485
003 DO-SdBNP
005 20180327134944.0
007 000044485
008 140703s2007 dr a 000 0 spa d
020 _a8489531048
040 _aBPMET
_bspa
_cBPMET
092 _axxxx
_bxxxx
100 1 _aPhipps, Miguel
245 1 3 _aLa araƱa y el mosquito sabio /
_cMiguel Phipps.
260 _aSanto Domingo :
_bDe Colores,
_c2007.
300 _a20 p :
_bil. ;
_c28 cm.
586 _aPremio Nacional de Literatura Infantil, 1982
942 _2ddc
_cBK
945 _aRemanejado para la BNPHU / 2018 VM
956 _aVMATEO
_b10
_c20140703
_lBPMSU
_h0069
999 _c7219
_d7219